Name kpop song start with the letter “T” - Statistics

General Stats
  • This quiz has been taken 5 times
  • The average score is 6 of 20
Answer Stats
Hint Answer % Correct
Psy & suga That that
75%
Nct 127 Touch
75%
Katseye Touch
75%
Twice This is for
50%
Illit Tick tack
50%
Cortis TNT
50%
Gidle Tomboy
50%
Zerobaseone Top5
50%
Twice TT
50%
Blackpink Typa girl
50%
Twice Talk that talk
25%
Hearts2hearts The chase
25%
Seventeen Thanks
0%
Itzy That’s a no no
0%
Nct u The 7th sense
0%
Exo The eve
0%
Exo The first snow
0%
Blackpink The girls
0%
Nmixx Tic tic
0%
Xg Tippy toes
0%
No matching quizzes found
Score Distribution
Percent of People with Each Score
Percentile by Number Answered
Your Score History
You have not taken this quiz